000
00384nam a2200169Ia 4500
001
12950
003
GE_BSU
008
181216s||||||||xx |||||||||||||| ||und||
040
_c
GE_BSU
245
_a
Врач. №10. 2014
245
_c
Гл.ред. Денисов И.Н.
260
_a
Москва
260
_c
2014
300
_a
88стр.29см.
653
_a
Врач
942
_c
CR
999
_c
46119
_d
46119